LEADER 01517oam 2200409 450 001 9910704011503321 005 20151105144539.0 035 $a(CKB)5470000002437544 035 $a(OCoLC)889723551 035 $a(EXLCZ)995470000002437544 100 $a20140901d1985 ua 0 101 0 $aeng 135 $aurmn||||||||| 181 $ctxt$2rdacontent 182 $cc$2rdamedia 183 $acr$2rdacarrier 200 10$aMajor tectonic features and structural elements in the northwest part of the Greenville quadrangle, Georgia /$fby Arthur E. Nelson 210 1$a[Reston, Va.] :$cDepartment of the Interior, U.S. Geological Survey,$d1985. 210 2$a[Washington, D.C.] :$cUnited States Government Printing Office. 215 $a1 online resource (iv, 22 pages) $cillustrations, maps 225 1 $aU.S. Geological Survey bulletin ;$v1643 300 $aTitle from title screen (viewed Aug. 28, 2014). 320 $aIncludes bibliographical references (pages 21-22). 606 $aGeology$zGeorgia$zGreenville Region 606 $aGeology, Structural 615 0$aGeology 615 0$aGeology, Structural. 700 $aNelson$b Arthur E$g(Arthur Edward),$f1922-$01408885 712 02$aGeological Survey (U.S.), 801 0$bCOP 801 1$bCOP 801 2$bOCLCO 801 2$bGPO 906 $aBOOK 912 $a9910704011503321 996 $aMajor tectonic features and structural elements in the northwest part of the Greenville quadrangle, Georgia$93499655 997 $aUNINA LEADER 01379nam0 22003371i 450 001 UON00428745 005 20231205104858.252 010 $a06-7493-485-7 100 $a20130709d1990 |0itac50 ba 101 $aeng 102 $aUS 105 $a|||| 1|||| 200 1 $aVersions of Pygmalion$fJ. Hillis Miller 210 $aCambridge, Massachusetts ; London$cHarvard University Press$d1990 215 $aIX, 263 p.$d24 cm. 606 $aJAMES HENRY$3UONC039627$2FI 606 $aMELVILLE HERMAN$3UONC039631$2FI 606 $aKLEIST HEINRICH VON$3UONC041056$2FI 606 $aBLANCHOT MAURICE$3UONC064400$2FI 606 $aOVIDIUS NASO PUBLUIS$3UONC065349$2FI 620 $aUS$dCambridge (Mass.)$3UONL000262 620 $aGB$dLondon$3UONL003044 676 $a809.93353$cLetteratura con specifiche caratteristiche. Caratteristiche e attivitą umane (Aspetti biologici, morali, psicologici).$v21 700 1$aMILLER$bJoseph Hillis$3UONV129549$0251308 712 $aHarvard University Press$3UONV245793$4650 801 $aIT$bSOL$c20240220$gRICA 899 $aSIBA - SISTEMA BIBLIOTECARIO DI ATENEO$2UONSI 912 $aUON00428745 950 $aSIBA - SISTEMA BIBLIOTECARIO DI ATENEO$dSI Angl VII 0700 $eSI LO 45131 5 0700 996 $aVersions of Pygmalion$91337310 997 $aUNIOR